Movies Quiz

Random Movies or Clickable Quiz

Is it a movie title? Quiz Stats

 Plays Quiz not verified by Sporcle

Challenge
Share
Tweet
Embed
Score 0/14 Timer 02:00
0 Plays Today
% Correct
Killer Klowns From Outer Space
90%
Santa Claus Conquers the Martians
87.5%
The Ghost in the Invisible Bikini
85%
The Secret Lives of Dentists
82.5%
Nude Nuns with Big Guns
77.5%
Cannibal Women in the Avocado Jungle of Death
77.5%
ThanksKilling
76.3%
% Correct
Donkey Punch
72.5%
Jesus Christ Vampire Hunter
71.3%
Killer Tomatoes Eat France!
65%
Rabid Grannies
63.8%
Microwave Massacre
62.5%
The House with Laughing Windows
61.3%
Don't Torture a Duckling
57.5%

You're not logged in!

Compare scores with friends on all Sporcle quizzes.
Join for Free
OR
Log In

You Might Also Like...

Show Comments

Extras

Top Quizzes Today


Score Distribution

Your Account Isn't Verified!

In order to create a playlist on Sporcle, you need to verify the email address you used during registration. Go to your Sporcle Settings to finish the process.

Report this User

Report this user for behavior that violates our Community Guidelines.

Details: